000 00794nam a22002417a 4500
003 OSt
005 20251106085009.0
008 251106b |||||||| |||| 00| 0 eng d
020 _a13 : 978-0-495-12745-1.
040 _aDWCL Main lib
_cOC
082 _24th ed.
_aGR. 616.891 S531t 2008
100 _aSharf, Richard S.
245 _aTheories of psychotherapy and counseling :
_bconcepts and cases/
_cRichard S. Sharf
250 _a4th ed.
260 _aUSA :
_b Wadsworth/Thomson Learning,
_cc2008.
300 _axxvi, 658 pages
_c ; 26 centimeters
504 _aIncludes bibliographical references & index.
650 _a1. Counseling-Case studies.
650 _a2. Counseling.
650 _a3. Psychotherapy-Case studies.
650 _a4. Psychotherapy.
942 _2ddc
_cGR
_hGR.
_n0
999 _c5639
_d5639